000
00315nam a2200097Ia 4500
001
1111444
005
20250827003911.0
008
250824s9999 xx 000 0 und d
245
0
_a
ÇOCUKLARLA BAŞBAŞA
_c
M.ES'AD COŞAN
260
_b
SERVER İLETİŞİM DANIŞMANLIK TANITIM GAZETECİLİK VE YAYINCILIK SAN.TİC.A.Ş.
999
_c
1111444
_d
1111444